5HLuxD.jpg

KING HENRY VIII SENIOR AND PRIMARY SCHOOL LIBRARY OPAC

POSSESS ME55 (Record no. 5301)

000 -LEADER
fixed length control field 00359nam a22001337a 4500
008 - FIXED-LENGTH DATA ELEMENTS--GENERAL INFORMATION
fixed length control field 250903b ||||| |||| 00| 0 eng d
020 ## - INTERNATIONAL STANDARD BOOK NUMBER
International Standard Book Number 9781338807394
082 ## - DEWEY DECIMAL CLASSIFICATION NUMBER
Classification number 823.087 ALE
100 ## - MAIN ENTRY--PERSONAL NAME
Personal name ALEXANDER,K.R.
Relator term AUTHOR
Language of a work ENGLISH
245 ## - TITLE STATEMENT
Title POSSESS ME55
250 ## - EDITION STATEMENT
Edition statement FIRST EDITION/NOV 2022
260 ## - PUBLICATION, DISTRIBUTION, ETC.
Place of publication, distribution, etc. 557 BROADWAY,NEW YORK,NY 10012
Name of publisher, distributor, etc. SCHOLASTIC
942 ## - ADDED ENTRY ELEMENTS (KOHA)
Source of classification or shelving scheme
Holdings
Withdrawn status Lost status Source of classification or shelving scheme Damaged status Not for loan Collection code Permanent Location Current Location Shelving location Date acquired Source of acquisition Total Checkouts Full call number Barcode Date last seen Date last checked out Price effective from Koha item type Public note
          Fiction KH8 Primary School Library KH8 Primary School Library Fiction 2025-09-03 SOF 7 823.087 ALE KHPL000007118 2026-01-28 2025-11-12 2025-09-03 Books - Fiction PRIMARY LIBRARY

Powered By KH8 IT Dept